[Event "IRI-ch U10"]
[Site "Chess.com INT"]
[Date "2021.01.16"]
[Round "7"]
[White "Nazarian, Arash"]
[Black "Ardeshiri, Reza"]
[Result "1-0"]
[WhiteElo "1001"]
[BlackElo "1093"]
[PlyCount "105"]
[EventDate "2021.01.16"]
[EventType "swiss"]
[EventRounds "11"]
[EventCountry "IRI"]
[SourceTitle "EXT 2022"]
[Source "ChessBase"]
[SourceDate "2021.10.06"]
[SourceVersion "1"]
[SourceVersionDate "2021.10.06"]
[SourceQuality "1"]

1. e4 c5 2. Nf3 Nc6 3. c3 d6 4. d4 cxd4 5. cxd4 Nf6 6. Nc3 g6 7. Bc4 Bg7 8. 0-0 0-0 9. h3 Kh8 10. Bf4 Ne8 11. Qb3 f5 12. e5 dxe5 13. dxe5 Qc7 14. Nd5 Qd8 15. Rad1 Bd7 16. Rfe1 Qc8 17. e6 Bxe6 18. Rxe6 Na5 19. Qb4 Nxc4 20. Rxe7 Nxb2 21. Rc1 Qd8 22. Qxb7 Nd3 23. Rd7 Qa5 24. Rd1 Nc5 25. Qxa8 Nxd7 26. Qc6 Nef6 27. Qb7 Nxd5 28. Rxd5 Nc5 29. Qc6 Qb4 30. Bd6 Rf6 31. Qxc5 Qxc5 32. Bxc5 h6 33. Bd4 Rf7 34. Bxg7+ Kxg7 35. Ne5 Re7 36. Rd7 Rxd7 37. Nxd7 a5 38. Kf1 Kf7 39. Ke2 Ke6 40. Nc5+ Kd5 41. Nd3 Kc4 42. Ne5+ Kc3 43. Nxg6 Kb2 44. Kd2 a4 45. Ne7 a3 46. Nxf5 Kxa2 47. Kc2 Ka1 48. Nd4 Ka2 49. f4 h5 50. f5 h4 51. f6 Ka1 52. f7 a2 53. Nb3# 1-0

[Event "IRI-ch U10"]
[Site "Chess.com INT"]
[Date "2021.01.16"]
[Round "9"]
[White "Salehi, Mahan"]
[Black "Nazarian, Arash"]
[Result "0-1"]
[WhiteElo "1119"]
[BlackElo "1001"]
[PlyCount "108"]
[EventDate "2021.01.16"]
[EventType "swiss"]
[EventRounds "11"]
[EventCountry "IRI"]
[SourceTitle "EXT 2022"]
[Source "ChessBase"]
[SourceDate "2021.10.06"]
[SourceVersion "1"]
[SourceVersionDate "2021.10.06"]
[SourceQuality "1"]

1. e4 c5 2. Nc3 Nc6 3. g3 d6 4. Bg2 Nf6 5. d3 e6 6. Be3 Be7 7. Nge2 0-0 8. h3 d5 9. exd5 exd5 10. Bd2 Be6 11. 0-0 Qd7 12. Nf4 a6 13. Qf3 Nd4 14. Qd1 Rac8 15. Nxe6 fxe6 16. Ne2 Nxe2+ 17. Qxe2 Rce8 18. f4 Bd6 19. Rfe1 e5 20. Qf3 Qc6 21. fxe5 Bxe5 22. c3 Ne4 23. Bf4 Bxf4 24. gxf4 Nf6 25. Rac1 Qb6 26. Rxe8 Rxe8 27. Rc2 c4+ 28. d4 Qe6 29. Bf1 Qe4 30. Rf2 Qxf3 31. Rxf3 Kf7 32. Bg2 Re1+ 33. Kf2 Rb1 34. Re3 Rxb2+ 35. Re2 Rxe2+ 36. Kxe2 Ke6 37. Kf3 Ne4 38. Ke3 Nxc3 39. a3 b5 40. f5+ Kd6 41. h4 Nb1 42. h5 h6 43. Kf4 c3 44. Be4 dxe4 45. Kxe4 c2 46. d5 c1Q 47. f6 gxf6 48. a4 Qc4+ 49. Kf5 Qxd5+ 50. Kg6 Qg5+ 51. Kf7 Kd7 52. axb5 axb5 53. Kf8 Ke6 54. Ke8 Qg8# 0-1

[Event "Quebec op U2000"]
[Site "Montreal"]
[Date "2012.07.26"]
[Round "7"]
[White "Nazarian, Arash"]
[Black "Mathews, Theo"]
[Result "1-0"]
[WhiteElo "1379"]
[BlackElo "1677"]
[PlyCount "150"]
[EventDate "2012.07.21"]
[EventType "swiss"]
[EventRounds "9"]
[EventCountry "CAN"]
[SourceTitle "EXT 2022"]
[Source "ChessBase"]
[SourceDate "2021.10.06"]
[SourceVersion "1"]
[SourceVersionDate "2021.10.06"]
[SourceQuality "1"]

1. Nf3 d5 2. d4 f5 3. Bf4 Nf6 4. Nbd2 e6 5. Rc1 Bd6 6. Bxd6 Qxd6 7. e3 f4 8. Bd3 fxe3 9. fxe3 Nbd7 10. Qe2 0-0 11. 0-0 e5 12. Bf5 e4 13. Ng5 Nb6 14. Bxc8 Raxc8 15. c4 Qe7 16. Nh3 c6 17. c5 Nbd7 18. a4 b6 19. b4 bxc5 20. bxc5 Rb8 21. Qa6 Rb2 22. Qe2 Rfb8 23. Rb1 Qd8 24. Rxb2 Rxb2 25. Rb1 Qb8 26. Qd1 Qb4 27. Rxb2 Qxb2 28. Nf4 Kf7 29. Nf1 Nb8 30. Qd2 Qxd2 31. Nxd2 Ng4 32. Nf1 g5 33. Ne2 Ke6 34. h3 Nf6 35. Nd2 Kd7 36. g4 Kc7 37. Ng3 Kb7 38. Kg2 Ka6 39. Nb3 Kb7 40. Nh5 Nxh5 41. gxh5 Nd7 42. h4 gxh4 43. Kh3 h6 44. Kxh4 Nf6 45. Nc1 Kc7 46. Nb3 Kd7 47. Nd2 Ke6 48. Nf1 Ne8 49. Ng3 Ng7 50. a5 Kf6 51. Kg4 a6 52. Kf4 Ne6+ 53. Kg4 Ng7 54. Kf4 Ne6+ 55. Kg4 Nd8 56. Nf5 Nb7 57. Nxh6 Nxa5 58. Ng8+ Kf7 59. Nh6+ Kf6 60. Kf4 Nc4 61. Ng4+ Kg7 62. Ne5 a5 63. Nxc6 a4 64. Nb4 Kh6 65. Nxd5 a3 66. Nc3 Kxh5 67. Kxe4 Kg5 68. c6 Kf6 69. d5 Ke7 70. Kd4 Nd6 71. Na2 Nf5+ 72. Kd3 Kd6 73. e4 Ne7 74. Kc4 Ng6 75. Kb3 Ne7 1-0

[Event "Quebec op U2000"]
[Site "Montreal"]
[Date "2012.07.24"]
[Round "5"]
[White "Desmarais, Serge"]
[Black "Nazarian, Arash"]
[Result "1-0"]
[WhiteElo "1633"]
[BlackElo "1379"]
[PlyCount "47"]
[EventDate "2012.07.21"]
[EventType "swiss"]
[EventRounds "9"]
[EventCountry "CAN"]
[SourceTitle "EXT 2022"]
[Source "ChessBase"]
[SourceDate "2021.10.06"]
[SourceVersion "1"]
[SourceVersionDate "2021.10.06"]
[SourceQuality "1"]

1. f4 b6 2. e4 Bb7 3. Nc3 e6 4. d4 Bb4 5. Bd3 Nf6 6. Qe2 c5 7. Nf3 0-0 8. Bd2 d5 9. e5 Nfd7 10. Bxh7+ Kh8 11. Ng5 Nf6 12. exf6 Qxf6 13. Qh5 Qh6 14. Nxf7+ Rxf7 15. Qxf7 Qxh7 16. Qxb7 Bxc3 17. Bxc3 Qe4+ 18. Kd1 Qxg2 19. Re1 Qf3+ 20. Kc1 Qxf4+ 21. Bd2 Qd6 22. Qxa8 Qc7 23. Rxe6 Qxh2 24. Re8+ 1-0

[Event "Quebec-ch B U20 Pepsico"]
[Site "Montreal"]
[Date "2012.02.11"]
[Round "2"]
[White "Nazarian, Arash"]
[Black "Gao, Catherine"]
[Result "1-0"]
[WhiteElo "1297"]
[BlackElo "890"]
[PlyCount "77"]
[EventDate "2012.02.10"]
[EventType "swiss"]
[EventRounds "5"]
[EventCountry "CAN"]
[SourceTitle "EXT 2022"]
[Source "ChessBase"]
[SourceDate "2021.10.06"]
[SourceVersion "1"]
[SourceVersionDate "2021.10.06"]
[SourceQuality "1"]

1. e4 e5 2. Nf3 Nc6 3. d4 exd4 4. Nxd4 Nf6 5. Bg5 h6 6. Nxc6 bxc6 7. Bh4 g5 8. Bg3 Nxe4 9. Qe2 Qe7 10. Bxc7 Bb7 11. f3 Nf6 12. Be5 0-0-0 13. Nc3 Bg7 14. 0-0-0 Rhe8 15. Bd6 Qxe2 16. Bxe2 Re6 17. Bg3 Nh5 18. Bc4 Re3 19. Bf2 Re5 20. Bd4 Ree8 21. Bxa7 Bxc3 22. Bxf7 Bxb2+ 23. Kxb2 Re5 24. Bxh5 Rb5+ 25. Ka1 Ra5 26. Bb6 Ra3 27. Bxd8 Kxd8 28. Rd3 Ra7 29. Rhd1 d5 30. c4 Ra4 31. cxd5 cxd5 32. Bf7 Ke7 33. Bxd5 Ba6 34. Re1+ Kf8 35. Rde3 Kg7 36. Re7+ Kg6 37. R1e6+ Kh5 38. Re4 Ra5 39. Bf7# 1-0